Na fontánu pri košickej pošte si už spomínajú len pamätníci

Bibliographic Details
Main Author: Kolcun, Milan, 1969- (Author)
Format: Article
Language:Slovak
PhysicalDescription:Fotografie
ISSN:1336-5320
Subjects:
Online Access:https://kosice.korzar.sme.sk/c/22832956/na-fontanu-pri-kosickej-poste-si-spominaju-uz-len-pamatnici.html

MARC

LEADER 00000nab a2200000u 4500
001 vtls012096492
003 SK-MaSNL
005 20260303213941.0
008 220210|2022 xo ||||||| ||00 ||slo|
038 |a KEVKJB 
040 |a KEVKJB  |b slo  |e rda 
041 0 |a slo 
043 |a e-xo--- 
044 |a xo  |c SK 
072 7 |a 72  |x Architektúra  |2 konspekt 
080 |a 725.948  |2 2011 
100 1 |a Kolcun, Milan,  |d 1969-  |4 aut  |9 105317 
245 1 0 |a Na fontánu pri košickej pošte si už spomínajú len pamätníci  |c Milan Kolcun 
300 |b Fotografie 
336 |a text  |b txt  |2 rdacontent 
337 |a bez média  |b n  |2 rdamedia 
338 |a zväzok  |b nc  |2 rdacarrier 
600 1 7 |a Ondreička, Pavol,  |d 1935-  |2 SNKMA  |9 237328 
610 2 7 |a Pošta 2 (Košice, Slovensko)  |2 kevkjb  |9 1019763 
650 0 7 |a fontány  |2 SNKPH  |9 3014 
650 0 7 |a architekti  |2 SNKPH  |9 2959 
651 7 |a Košice (Slovensko)  |2 SNKPHgeo  |9 18694 
773 0 |a SNKPH  |t Košický večer  |g Roč. 55, č. 5 (2022), s. 11  |x 1336-5320 
852 |a KEVKJB  |b KIS3GCP 
856 4 1 |u https://kosice.korzar.sme.sk/c/22832956/na-fontanu-pri-kosickej-poste-si-spominaju-uz-len-pamatnici.html 
958 |a BX 
999 |c 2214751  |d 2216681